Bách khoa thư về thế giới thực vật Cây, lá, hoa và hạt : Dành cho trẻ em từ 8 tuổi trở lên
Giới thiệu khoảng hơn 1.000 hình ảnh về các loài thực vật với nhiều đặc điểm hình dạng, mùa ra hoa, nơi phân bố, tính phổ biến
Đã lưu trong:
| Nhiều tác giả của công ty: | , |
|---|---|
| Format: | Bog |
| Sprog: | Vietnamese |
| Udgivet: |
H.
Thanh Niên
2022
|
| Serier: | Tủ sách Bách khoa tri thức
|
| Fag: | |
| Tags: |
Tilføj Tag
Ingen Tags, Vær først til at tagge denne postø!
|
| Thư viện lưu trữ: | Thư viện Trường Đại học Nam Cần Thơ |
|---|
| LEADER | 01201nam a22002297a 4500 | ||
|---|---|---|---|
| 001 | NCT_4_022845 | ||
| 008 | 250625b xxu||||| |||| 00| 0 vie d | ||
| 999 | |c 9118 |d 9118 | ||
| 020 | |a 9786043545302 |c 289000 | ||
| 082 | 0 | 4 | |2 23rd ed. |a 580.3 |b B102K |
| 245 | 0 | 0 | |a Bách khoa thư về thế giới thực vật |b Cây, lá, hoa và hạt : Dành cho trẻ em từ 8 tuổi trở lên |c Thuỳ Dương dịch ; Lời: Sarah Jose |
| 260 | |a H. |b Thanh Niên |c 2022 | ||
| 300 | |a 192 tr. |b Minh họa |c 27 cm | ||
| 490 | 0 | |a Tủ sách Bách khoa tri thức | |
| 500 | |a Tên sách tiếng Anh: Trees, leaves, flowers & seeds | ||
| 520 | 3 | |a Giới thiệu khoảng hơn 1.000 hình ảnh về các loài thực vật với nhiều đặc điểm hình dạng, mùa ra hoa, nơi phân bố, tính phổ biến | |
| 653 | |a Tham khảo | ||
| 710 | 0 | |a Thuỳ Dương |b dịch | |
| 710 | 1 | |a Jose, Sarah |b Lời | |
| 942 | |2 ddc |c BK | ||
| 952 | |0 0 |1 0 |2 ddc |4 0 |6 580_300000000000000_B102K |7 0 |9 30954 |a 000001 |b 000001 |d 2025-06-25 |o 580.3 B102K |p TK.05561 |r 2025-06-25 |v 289000.00 |w 2025-06-25 |y BK | ||
| 980 | |a Thư viện Trường Đại học Nam Cần Thơ | ||


